00644nam a2200181Ia 4500008004100000041000800041082001500049100002400064245006400088260004200152300001200194365000700206650001400213650001800227906007600245999001900321952012200340210719s2012 xx 000 0 und d aeng a305.4 STAA aST ALOYSIUS COLLEGE aAloysiabJoy and celberation of 25 years of womens presence aMangalorebSt Aloysisus Collegec2012 a110bPB cRs aSociology aWomen Studies a25 ; Aloysia ; and ; celberation ; Joy ; of ; presence ; womens ; years c215420d215420 001040708SociologyaALbALd2013-02-21eGeneral Annuall0o305.4 STAApD04053r2021-07-19 00:00:00w2021-07-19yDB